[Event "ISR-ch"]
[Site "Tel Aviv"]
[Date "1994.??.??"]
[Round "3"]
[White "Soffer, Ram"]
[Black "Zilberman, Yaacov"]
[Result "1/2-1/2"]
[WhiteElo "2515"]
[BlackElo "2460"]

1.d4 Nf6 2.Bg5 d5 3.Bxf6 exf6 4.e3 c6 5.c4 dxc4 6.Bxc4 Bd6 7.Nf3 O-O 8.O-O Nd7
9.Nc3 Nb6 10.Bd3 Re8 11.Qc2 g6 12.Ne4 Bf5 13.Nxd6 Bxd3 14.Qxd3 Qxd6 15.e4 Rad8
16.Qc2 Qf4 17.Rfe1 Nc8 18.Rad1 Nd6 19.Qc5 Rxe4 20.Qxa7 Kg7 21.h3 Rde8 22.Qa5 Re2
23.Qb4 h5 24.Kf1 R2e4 25.Qd2 Qf5 26.Kg1 g5 27.Rxe4 Nxe4 28.Qe3 Qd5 29.b3 Re6
30.Qd3 b5 31.Nd2  1/2-1/2

[Event "Czerniak mem"]
[Site "Tel Aviv"]
[Date "1994.??.??"]
[Round "9"]
[White "Kataev, Simcho"]
[Black "Shrentzel, Mordechai"]
[Result "1-0"]
[WhiteElo "2385"]
[BlackElo "2290"]

1.d4 Nf6 2.Bg5 c5 3.Bxf6 exf6 4.e3 g6 5.g3 Bg7 6.Bg2 O-O 7.Ne2 Nc6 8.dxc5 Qa5+
9.Nbc3 Qxc5 10.O-O f5 11.Rb1 Rb8 12.Nd5 a5 13.c3 b5 14.Qd2 Ne5 15.b3 Bb7
16.Rfd1 Rfe8 17.Rbc1 Kh8 18.Nef4 Rbc8 19.Nd3 Qa7 20.Nxe5 Bxe5 21.Nf4 Bxg2
22.Kxg2 Rc7 23.Qd5 Qa8 24.Qxa8 Rxa8 25.Rd5 Rxc3 26.Rxc3 Bxc3 27.Rxb5 Ra7
28.Nd5 Bb4 29.a4 Bd6 30.Nb6 Bb4 31.Nd5 Bd6 32.Kf3 Kg7 33.Ke2 f6 34.Kd3 Kf7
35.Kc4 g5 36.f4 Ke6 37.Rb6 h6 38.Kd4  1-0

[Event "ISR-ch"]
[Site "Tel Aviv"]
[Date "1994.??.??"]
[Round "9"]
[White "Soffer, Ram"]
[Black "Milov, Vadim"]
[Result "1/2-1/2"]
[WhiteElo "2515"]
[BlackElo "2590"]

1.d4 Nf6 2.Bg5 g6 3.Bxf6 exf6 4.e3 d6 5.g3 f5 6.Bg2 Bg7 7.Ne2 Nd7 8.c4 Nf6
9.Nbc3 h5 10.h4 c6 11.Qc2 Be6 12.b3 Ng4 13.Rd1 Bd7 14.Bf3 O-O 15.Kf1 a6 16.Kg2 b5
17.Nf4 bxc4 18.bxc4 Qa5 19.Nd3 Rae8 20.Ne2 c5 21.Qd2 Qxd2 22.Rxd2 cxd4 23.exd4 Nf6
24.Rb2 Ne4 25.Rb7 Ba4 26.Nb2 Bc6 27.Rb6 Bd7 28.Rd1 Rb8 29.Rb3 a5 30.Nd3 Rxb3
31.axb3 Rb8 32.Ndc1 Rb4 33.Nf4 Rb8 34.Nd5 a4 35.b4 Kf8 36.b5 Be6 37.Ne3 Rc8
38.d5 Bd7 39.Bxe4 fxe4 40.Na2 Bh6 41.Rc1 Bg7 42.Rb1  1/2-1/2

[Event "JUG-ch"]
[Site "Tivat"]
[Date "1994.??.??"]
[Round "3"]
[White "Miladinovic, Igor"]
[Black "Abramovic, Bosko"]
[Result "0-1"]
[WhiteElo "2480"]
[BlackElo "2500"]

1.d4 Nf6 2.Bg5 d5 3.Bxf6 exf6 4.e3 c6 5.c4 dxc4 6.Bxc4 Nd7 7.Nc3 Bd6 8.Nf3 O-O
9.Qc2 Nb6 10.Bd3 g6 11.h4 Nd5 12.Nxd5 cxd5 13.h5 Qc7 14.hxg6 fxg6 15.Qb3 Be6
16.Ke2 Qb6 17.Qxb6 axb6 18.Nd2 Kg7 19.a3 h5 20.Rac1 Rac8 21.Rxc8 Rxc8 22.Nb1 g5
23.Kd2 h4 24.Nc3 f5 25.Bc2 Rd8 26.Bb3 Bb8 27.Ke2 Bf7 28.Rc1 f4 29.e4 dxe4
30.Bxf7 f3+ 31.gxf3 exf3+ 32.Kxf3 Kxf7 33.Rd1 Kg6 34.Kg4 Rf8 35.Rd2 Rf4+
36.Kh3 g4+ 37.Kg2 h3+ 38.Kg1 Kf7 39.d5 Be5 40.d6 Rd4 41.Rxd4 Bxd4 42.Ne4 Ke6
43.b3 Be5 44.Ng5+ Kxd6 45.Nf7+ Kd5 46.Nh6 g3 47.fxg3 Bxg3 48.Nf7 Kd4 49.Nd8 Kc3
50.a4 Kxb3 51.a5 b5 52.Nxb7 Kc4 53.a6 Bb8 54.Kh1 b4 55.Nd6+ Kc5 56.Ne4+ Kb5
57.Nf2 b3 58.Nd3 Ba7 59.Kh2 Kxa6 60.Kxh3 Kb5 61.Kg2 Kc4 62.Nb2+ Kc3  0-1

[Event "Four Nations Team U20"]
[Site "Tjele"]
[Date "1994.??.??"]
[Round "3"]
[White "Malmstig, Erik"]
[Black "Nordahl, Helge"]
[Result "1/2-1/2"]
[WhiteElo "2150"]
[BlackElo "2245"]

1.d4 Nf6 2.Bg5 d5 3.Bxf6 exf6 4.e3 c6 5.c4 dxc4 6.Bxc4 Qb6 7.Qc2 Be6 8.Nd2 Bb4
9.Rd1 O-O 10.Ne2 Qa5 11.a3 Bxd2+ 12.Rxd2 Nd7 13.Nf4 Bxc4 14.Qxc4 Nb6 15.Qc2 Qb5
16.Re2 Nd5 17.Nd3 Qa5+ 18.Rd2 Rfe8 19.O-O f5 20.Ne5 Nf6 21.Rfd1 Ne4 22.Rd3 Qd5
23.Rc1 Rad8 24.Rdd1 Re6 25.Nd3 Rh6 26.Nf4 Qd6 27.f3 Nf6 28.Qxf5 Nd5 29.Qe5 Nxf4
30.Qxf4 Qxf4 31.exf4 Rhd6 32.Rc4 Re8 33.Kf2 f6 34.Rc2 Kf7 35.f5 Rd5 36.g4 Red8
37.Ke3 c5 38.Rcd2 Re8+ 39.Kf2 Red8 40.Ke3 Re8+ 41.Kf4 Red8 42.Ke4 Ke7 43.b3 Rxd4+
44.Rxd4 Rxd4+ 45.Rxd4 cxd4 46.Kxd4 Kd6 47.a4 a6 48.a5 Kc6 49.f4 Kd6 50.h3 Kc6
51.Kc4 Kd6 52.b4 Kc6 53.b5+ axb5+ 54.Kb4 h6 55.h4 Kd6 56.Kxb5 Kd7 57.Kb6 Kc8
58.Ka7 Kc7 59.h5 Kc8 60.Kb6 Kb8 61.g5 Kc8 62.a6 bxa6 63.Kxa6 Kc7 64.Ka7 Kd6
65.g6 Kc7 66.Ka8 Kc8 67.Ka7 Kc7 68.Ka8 Kc8 69.Ka7  1/2-1/2

[Event "USA-ch playoff"]
[Site "?"]
[Date "1994.??.??"]
[Round "2"]
[White "Shabalov, Alexander"]
[Black "Benjamin, Joel"]
[Result "0-1"]
[WhiteElo "2600"]
[BlackElo "2610"]

1.d4 Nf6 2.Bg5 d5 3.Nf3 Nbd7 4.e3 g6 5.c4 c6 6.Nc3 Bg7 7.Bd3 O-O 8.O-O Nb6
9.cxd5 cxd5 10.h3 Be6 11.Bf4 Rc8 12.Qb3 Ne4 13.Rfc1 Nc5 14.dxc5 d4 15.Qb5 dxc3
16.bxc3 Nd5 17.Be5 Bxe5 18.Nxe5 Qc7 19.Nf3 Qxc5 20.Qxb7 Nxe3 21.Nd4 Bd5 22.Qb5 Nxg2
23.Qxc5 Rxc5 24.Nb3 Rc7 25.c4 Bf3 26.Nd4 Nf4 27.Bf1 Be4 28.Rc3 Rfc8 29.Rac1 Rd7
30.Nb3 Bd3 31.c5 Rd5 32.c6 Rg5+ 33.Kh2 Bxf1 34.Rxf1 Rc7 35.Rc4 Ne6 36.Rd1 Re5
37.Rd2 Kf8 38.Kg2 f5 39.a4 Ke8 40.Rdc2 g5 41.Nd2 Rd5 42.Nf1 Rd4 43.Ne3 Rxc4
44.Rxc4 Nf4+ 45.Kf3 e6 46.h4 Ng6 47.Rc5 Nxh4+ 48.Ke2 Ng6 49.Nc4 Ke7 50.Na3 a6
51.Rc1 h5 52.Rc4 h4 53.Kf1 Ne5 54.Rc5 Kd6 55.Rc3 Rxc6 56.Rb3 g4 57.Rb8 Nf3
58.Rb1 Rc3 59.Ra1 Ke5 60.Kg2 Kf4 61.Ra2 Rc1  0-1

[Event "Val Thorens Principal"]
[Site "Val Thorens"]
[Date "1994.??.??"]
[Round "7"]
[White "Marzolo, Cyril"]
[Black "Claverie, Christophe"]
[Result "1/2-1/2"]
[WhiteElo "1970"]
[BlackElo "2270"]

1.d4 Nf6 2.Bg5 g6 3.Bxf6 exf6 4.c4 f5 5.Nc3 Bg7 6.e3 O-O 7.g3 d6 8.Bg2 c6
9.Nge2 Nd7 10.O-O Re8 11.Qd3 Nf6 12.b4 Bd7 13.a4 a5 14.b5 h5 15.Rab1 Qc7
16.Rb2 Rac8 17.Rc1 h4  1/2-1/2

[Event "Balkaniad"]
[Site "Varna"]
[Date "1994.??.??"]
[Round "2"]
[White "Arduman, Can"]
[Black "Zadrima, Aldo"]
[Result "1/2-1/2"]
[WhiteElo "2365"]
[BlackElo "2260"]

1.d4 Nf6 2.Bg5 c5 3.Bxf6 gxf6 4.d5 Qb6 5.Qc1 f5 6.e3 Bg7 7.c3 Qf6 8.Ne2 Qe5
9.Qd2 b5 10.f4 Qf6 11.Ng3 a6 12.Be2 Bb7 13.Nh5 Qg6 14.Nxg7+ Qxg7 15.Bf3 d6
16.a4 bxa4 17.Rxa4 Nd7 18.b3 O-O 19.c4 Rfb8 20.Nc3 Bc8 21.Qc2 Rb6 22.O-O Rab8
23.Ra3 Nf6 24.Bd1 e6 25.Rf3 Kf8 26.Rg3 Qh8 27.dxe6 fxe6 28.Qd3 Ke7 29.Ra2 Bd7
30.Rd2 Rg8 31.Rxg8 Qxg8 32.e4 fxe4 33.Nxe4 Nxe4 34.Qxe4 Qg6 35.f5 Qxf5 36.Qh4+ Qf6
37.Qxh7+ Kd8 38.Qg8+ Kc7 39.Qg3 a5 40.h4 Qh6 41.Rf2 a4 42.bxa4 Qc1 43.Rf1 Qxc4
44.a5 Rb2 45.Bf3 Qd4+ 46.Kh2 c4 47.a6 c3 48.Ra1 c2 49.a7 Rb1 50.a8=N+ Kb8
51.Qg8+ Bc8 52.Qh7 Qg1+ 53.Kg3 Qe1+ 54.Kh2 Qg1+  1/2-1/2

[Event "Vienna op"]
[Site "Vienna"]
[Date "1994.??.??"]
[Round "1"]
[White "Welling, Gerard"]
[Black "Solmajer, Luka"]
[Result "1-0"]
[WhiteElo "2400"]
[BlackElo "2075"]

1.d4 d5 2.Bg5 Nf6 3.Bxf6 exf6 4.e3 Bf5 5.Bd3 Bxd3 6.Qxd3 c6 7.Ne2 Bd6 8.Nbc3 Na6
9.a3 O-O 10.O-O Qd7 11.e4 Nc7 12.exd5 cxd5 13.Qf3 Rfe8 14.Rfe1 Re6 15.Nf4 Bxf4
16.Qxf4 Rae8 17.Qd2 Nb5 18.Nxb5 Qxb5 19.b3 Re2 20.Rxe2 Qxe2 21.Qc3 g6 22.h3 Kg7
23.Qc5 b6 24.Qc3 Re4 25.a4 Re6 26.a5 bxa5 27.Qxa5 Qxc2 28.Qxd5 Rb6 29.g3 Qxb3
30.Qxb3 Rxb3 31.Rxa7 Rd3 32.Ra4 f5 33.Kf1 Kf6 34.Ke2 Rb3 35.Ra6+ Ke7 36.f3 Rc3
37.h4 Rb3 38.Rc6 Kd7 39.Rc2 Kd6 40.Rd2 Ra3 41.Rd3 Ra4 42.Ke3 h6 43.Rb3 Ra7
44.Kf4 Rc7 45.Rb6+ Kd5 46.h5 gxh5 47.Rxh6 Kxd4 48.Rxh5 Kd3 49.Rxf5 Ke2 50.Kg5 Kf2
51.g4 Kg3 52.Kf6 Kh4  1-0

[Event "Vienna op"]
[Site "Vienna"]
[Date "1994.??.??"]
[Round "3"]
[White "Palos, Osman"]
[Black "Nagel, Herbert"]
[Result "1-0"]
[WhiteElo "2375"]
[BlackElo "2210"]

1.d4 Nf6 2.Bg5 c5 3.d5 Qb6 4.Nc3 Qxb2 5.Bd2 Qb6 6.e4 d6 7.f4 e6 8.Rb1 Qc7
9.Bb5+ Bd7 10.Qe2 a6 11.Bxd7+ Qxd7 12.dxe6 fxe6 13.e5 dxe5 14.fxe5 Nd5 15.Nh3 Nc6
16.O-O O-O-O 17.Ng5 Re8 18.Nf7 Rg8 19.Ne4 b5 20.Nfd6+ Bxd6 21.Nxd6+ Kc7 22.c4 Nd4
23.Qd3 Nb6 24.Qa3 Na4 25.Qxa4  1-0

[Event "Vienna op"]
[Site "Vienna"]
[Date "1994.??.??"]
[Round "5"]
[White "Welling, Gerard"]
[Black "Zwicker, Thomas"]
[Result "1-0"]
[WhiteElo "2400"]
[BlackElo "2230"]

1.d4 Nf6 2.Bg5 g6 3.Bxf6 exf6 4.c4 f5 5.g3 Bg7 6.Nc3 O-O 7.Bg2 d6 8.e3 Nd7
9.Nge2 Re8 10.O-O Nf6 11.Qd3 c6 12.b4 Qe7 13.a4 Rb8 14.b5 c5 15.a5 Be6 16.a6 b6
17.Rad1 Red8 18.Rfe1 Rbc8 19.Bc6 Bh6 20.Nf4 Bg7 21.Re2 Bh6 22.Rde1 Bg7 23.h4 h5
24.Ncd5 Bxd5 25.Bxd5 Kh7 26.e4 fxe4 27.Bxe4 Qc7 28.Bxg6+ fxg6 29.Qxg6+ Kg8
30.Re7  1-0

[Event "Wattens op"]
[Site "Wattens"]
[Date "1994.??.??"]
[Round "5"]
[White "Ungureanu, Emil"]
[Black "Holzbauer, Johannes"]
[Result "1-0"]
[WhiteElo "2320"]
[BlackElo "2025"]

1.d4 Nf6 2.Bg5 d5 3.Bxf6 exf6 4.e3 Bf5 5.Nd2 c6 6.c3 Qb6 7.Qb3 Nd7 8.h3 h5
9.Ne2 Bd6 10.c4 Qxb3 11.axb3 Bd3 12.Nc3 dxc4 13.bxc4 Bxf1 14.Rxf1 f5 15.Ke2 O-O
16.Ra5 g6 17.Rfa1 a6 18.c5 Bc7 19.R5a4 Nf6 20.Rb4 Rab8 21.Ra3 a5 22.Rbb3 b5
23.cxb6 Bxb6 24.Na4 Bc7 25.Rxb8 Bxb8 26.Rc3 Rc8 27.Rc5 Bd6 28.Rxa5 Bb4 29.Ra6 Bxd2
30.Kxd2 Ne4+ 31.Ke1 Kf8 32.f3 Nf6 33.Nc5 Nd5 34.Kf2 Rc7 35.h4 Ke7 36.Ra8 Nf6
37.Rb8 Nd5 38.g3 Ra7 39.Rb7+ Rxb7 40.Nxb7 Nb4 41.Ke2 Kd7 42.Kd2 Nd5 43.Nc5+ Kd6
44.Nd3 Ne7 45.Nf4 Nc8 46.Kc3 Ne7 47.Kb4 Nc8 48.Ka5 Ne7 49.Kb6 Nc8+ 50.Kb7 Ne7
51.b3 Kd7 52.Nd3 f6 53.Nf4 Kd6 54.Ka6 c5 55.Kb5 cxd4 56.exd4 Nc6 57.Kc4  1-0

[Event "Wattens op"]
[Site "Wattens"]
[Date "1994.??.??"]
[Round "5"]
[White "Wagner, Benedikt"]
[Black "Busu, Cornel"]
[Result "0-1"]
[WhiteElo "1855"]
[BlackElo "2200"]

1.d4 Nf6 2.Bg5 d5 3.Nd2 c6 4.Bxf6 exf6 5.e3 Bf5 6.c3 Nd7 7.h3 h5 8.Ne2 Bd6
9.c4 Qa5 10.Nc3 Bb4 11.Be2 Bxc3 12.bxc3 dxc4 13.O-O b5 14.Bf3 Rc8 15.Bxc6 Bd3
16.Bxd7+ Kxd7 17.Nb3 Qxc3 18.Rc1 cxb3 19.Rxc3 Rxc3 20.axb3 Bxf1 21.Qa1 Rhc8
22.Qxa7+ R8c7 23.Qa8 Bd3 24.Qf8 Bg6 25.Qxg7 Ke7 26.g4 Rc1+ 27.Kg2 h4 28.Kf3 R7c2
29.g5 Rf1 30.Qxf6+ Kd7 31.Kg4 Rcxf2 32.Qb6 Rg1+ 33.Kxh4 Rf5 34.Qb7+ Ke8 35.Qc8+ Ke7
36.Qc7+ Kf8 37.Qd8+ Kg7 38.Qe7 b4 39.Qd8 Rfxg5 40.Qxg5 Rxg5 41.Kxg5 Bc2  0-1

[Event "Wattens op"]
[Site "Wattens"]
[Date "1994.??.??"]
[Round "8"]
[White "Ungureanu, Emil"]
[Black "Pilz, Dieter"]
[Result "1-0"]
[WhiteElo "2320"]
[BlackElo "2230"]

1.d4 Nf6 2.Bg5 c5 3.Bxf6 exf6 4.c3 d5 5.e3 Be7 6.Nd2 b6 7.Bd3 O-O 8.Ne2 Bd6
9.Ng3 g6 10.Qf3 Bc7 11.h4 f5 12.Ne2 h5 13.Nf4 Bxf4 14.Qxf4 Nc6 15.Rh3 cxd4
16.exd4 Re8+ 17.Kf1 a5 18.Kg1 Ba6 19.Bxa6 Rxa6 20.Re3 Rxe3 21.Qxe3 Ra7 22.Nf3 Re7
23.Qd3 f6 24.Re1 Re4 25.Kf1 Kg7 26.Qb5 Ne7 27.a4 Qc7 28.Nd2 Rxe1+ 29.Kxe1 f4
30.Nf3 Qc6 31.Qxc6 Nxc6 32.Kd2 Kf7 33.b3 Ke6 34.c4 Kd6 35.Kc3 Nb4 36.Ng1 g5
37.Nh3 f3 38.g3 gxh4 39.gxh4 Ke6 40.Nf4+ Kf5 41.Nxh5 Kg4 42.Nxf6+ Kxh4 43.Nxd5  1-0

[Event "CAN-op"]
[Site "Winnipeg"]
[Date "1994.??.??"]
[Round "3"]
[White "Hodgson, Julian M"]
[Black "Teodoro, Eduardo"]
[Result "1-0"]
[WhiteElo "2570"]
[BlackElo "2230"]

1.d4 Nf6 2.Bg5 d5 3.Bxf6 exf6 4.e3 Bf5 5.Bd3 Bxd3 6.Qxd3 c6 7.Nf3 Bd6 8.Nbd2 Na6
9.O-O O-O 10.c4 dxc4 11.Nxc4 Bc7 12.Rfd1 Re8 13.a3 Qd5 14.b4 Rad8 15.Rab1 f5
16.Ncd2 Bb8 17.Rdc1 Bd6 18.g3 Bf8 19.b5 Nc5 20.Qc4 Ne6 21.bxc6 bxc6 22.Qxd5 cxd5
23.a4 f6 24.Rb5 g5 25.Rc6 Kf7 26.Kg2 f4 27.gxf4 gxf4 28.e4 dxe4 29.Nxe4 Nxd4
30.Rb7+ Re7 31.Rxf6+ Kg8 32.Rxe7 Bxe7 33.Ra6 Nf5 34.Rxa7 Rc8 35.Ra5 Ng7 36.Re5 Kf8
37.Nfg5 h6 38.Nh3 Rc4 39.Nxf4 Bg5 40.Ng6+ Kf7 41.Nd6+  1-0

[Event "ARM-ch"]
[Site "Yerevan"]
[Date "1994.??.??"]
[Round "?"]
[White "Yegiazarian, Arsen"]
[Black "Mirumian, Vigen"]
[Result "1/2-1/2"]
[WhiteElo "2400"]
[BlackElo "2290"]

1.d4 Nf6 2.Bg5 g6 3.Bxf6 exf6 4.e3 Bg7 5.c4 O-O 6.Nc3 d6 7.g3 c5 8.Bg2 Nc6
9.Nge2 cxd4 10.exd4 Bg4 11.O-O Qb6 12.f3 Bd7 13.Qd2 a6 14.Nd5 Qa7 15.Rfd1 f5
16.Kh1 b5 17.cxb5 axb5 18.Nb4 Qa5 19.Nxc6 Bxc6 20.Qxa5 Rxa5 21.Rac1 Ba8 22.a3 b4
23.axb4 Rb5 24.f4 Rxb4 25.Rd2 Be4 26.Bxe4 fxe4 27.Rc6 Rd8 28.Kg2 Bf8 29.Kf2 Rdb8
30.Rcc2 f5 31.Nc3 Bg7 32.Ke3 Rc8 33.g4 Rcc4 34.Ne2 Rb3+ 35.Rc3 Rcb4 36.gxf5 gxf5
37.Ng3 Rxb2 38.Nxf5 Rxd2 39.Kxd2 Bxd4 40.Rc8+ Kf7 41.Nxd6+ Ke6 42.Nxe4 Kf5  1/2-1/2

[Event "ARM-ch"]
[Site "Yerevan"]
[Date "1994.??.??"]
[Round "?"]
[White "Yegiazarian, Arsen"]
[Black "Petrosian, Arshak B"]
[Result "1-0"]
[WhiteElo "2400"]
[BlackElo "2455"]

1.d4 Nf6 2.Bg5 d5 3.Nc3 Nbd7 4.f3 c5 5.dxc5 Qa5 6.Bxf6 Nxf6 7.Qd4 e6 8.b4 Qc7
9.e4 b6 10.Nb5 Qb8 11.Nd6+ Bxd6 12.cxd6 dxe4 13.fxe4 O-O 14.e5 Nd5 15.Nf3 f6
16.Bd3 fxe5 17.Qxe5 Nxb4 18.Bxh7+ Kxh7 19.Qe4+ Kg8 20.Qxb4 Bb7 21.O-O Bxf3
22.Rxf3 Rxf3 23.gxf3 Qb7 24.Qe4 Qxe4 25.fxe4 e5 26.Rd1 Kf7 27.Kg2 Ke8 28.d7+ Kd8
29.Kg3 a5 30.Kg4 Ra7 31.Kf5 Rc7 32.Rd2 Rc5 33.h4 a4 34.h5 Rc3 35.Kxe5 Rc5+
36.Kd6 Rc7 37.Ke6 Rc6+ 38.Kf7 Rc5 39.Kxg7 Rxh5 40.Kf6 Rh6+ 41.Kg5 Rh1 42.e5 b5
43.e6 Re1 44.Kf6 b4 45.Rh2  1-0

[Event "Ibercaja op"]
[Site "Zaragoza"]
[Date "1994.??.??"]
[Round "9"]
[White "Kurajica, Bojan"]
[Black "Rodriguez, Rafael"]
[Result "1/2-1/2"]
[WhiteElo "2565"]
[BlackElo "2275"]

1.d4 Nf6 2.Bg5 g6 3.Bxf6 exf6 4.e3 Bg7 5.g3 d6 6.Bg2 c6 7.c4 f5 8.Ne2 Nd7
9.Nbc3 Nf6 10.b4 O-O 11.O-O Be6 12.Qd3 d5 13.c5 h5 14.b5 h4 15.bxc6 bxc6
16.Qa6 hxg3 17.hxg3 Bd7 18.Rab1 Bh6 19.Rb3 Ng4 20.Bf3 Kg7 21.Rb7 Rh8 22.Rfb1 Nxe3
23.Rxa7 Rxa7 24.Qxa7 Nc4 25.Rb7 Be6 26.Rc7 f4 27.Rxc6 fxg3 28.Nxg3 Qh4 29.Rxe6 Be3
30.Kf1 Qh3+ 31.Ke2 Qxe6 32.Bxd5 Qg4+ 33.f3 Qxg3 34.Qxf7+ Kh6 35.Kd3 Qe1 36.Kxc4 Qd2
37.Qf6 Rb8 38.Qh4+ Kg7 39.Qe7+ Kh6 40.Qh4+ Kg7 41.Qe7+ Kh6 42.Qh4+  1/2-1/2

[Event "London SCCU op"]
[Site "London"]
[Date "1995.08.??"]
[Round "1"]
[White "Condie, Mark L"]
[Black "Richardson, John R"]
[Result "1-0"]
[WhiteElo "2450"]
[BlackElo "2295"]

1.d4 Nf6 2.Bg5 d5 3.Bxf6 exf6 4.e3 Bd6 5.c4 dxc4 6.Bxc4 O-O 7.Nc3 a6 8.Nge2 c5
9.Bd5 Ra7 10.O-O b5 11.dxc5 Bxc5 12.Qb3 Nd7 13.Rfd1 Qb6 14.Ne4 Be7 15.Rac1 Nc5
16.Bxf7+ Rxf7 17.Nxc5 Bxc5 18.Rxc5 Qxc5 19.Rd8+ Qf8 20.Qd5 Qxd8 21.Qxd8+ Rf8
22.Qd5+ Raf7 23.Nd4 g6 24.h4 Kg7 25.h5 gxh5 26.Qxh5 Re7 27.Qh4 Rfe8 28.Qg3+ Kf7
29.Qf4 Kg6 30.b4 Re5 31.a3 Kg7 32.Kf1 Re4 33.Qc7+ Kg6 34.Ne2 R4e7 35.Nf4+ Kf7
36.Qc2 Kg8 37.Nd5 Rf7 38.Qc6 Ref8 39.Qd6 Kg7 40.e4 Re8 41.f3 Re6 42.Qd8 Rf8
43.Qc7+  1-0

[Event "Aceimar op"]
[Site "Aceimar"]
[Date "1995.??.??"]
[Round "?"]
[White "De la Villa Garcia, Jesus Maria"]
[Black "Glavina, Pablo"]
[Result "1-0"]
[WhiteElo "2500"]
[BlackElo "2390"]

1.d4 Nf6 2.Bg5 c5 3.Nc3 Qa5 4.Bxf6 gxf6 5.e3 cxd4 6.exd4 d6 7.Bb5+ Bd7 8.Bxd7+ Nxd7
9.Qf3 e6 10.Ne2 d5 11.O-O Bb4 12.Nd1 Qc7 13.Ne3 Bd6 14.h3 f5 15.c4 f4 16.c5 fxe3
17.cxd6 Qxd6 18.fxe3 O-O 19.Rac1 f5 20.Qf4 Qxf4 21.Nxf4 Kf7 22.Rc7 Ke7 23.Rxb7 Rab8
24.Rc7 Rxb2 25.Nd3 Rb6 26.Ne5 Rd6 27.Rb1 Kd8 28.Rbb7 Nxe5 29.dxe5 Rb6 30.Rd7+ Kc8
31.Rbc7+  1-0

[Event "Aceimar op"]
[Site "Aceimar"]
[Date "1995.??.??"]
[Round "?"]
[White "Paunovic, Tomislav"]
[Black "Gonzalez Diaz, Julio"]
[Result "1/2-1/2"]
[WhiteElo "2405"]
[BlackElo "2040"]

1.d4 Nf6 2.Bg5 g6 3.Bxf6 exf6 4.Nd2 Bg7 5.e3 O-O 6.Ne2 d5 7.Nf4 c6 8.g3 f5
9.Bg2 Be6 10.O-O Qd6 11.c4 dxc4 12.Qc2 Nd7 13.Nxc4 Bxc4 14.Qxc4 Rac8 15.b4 a6
16.Rab1 Bh6 17.Nd3 Rc7 18.Rfc1 Rfc8 19.Rc2 Bf8 20.Rbc1 Qf6 21.Qb3 Bd6 22.a4 Qe7
23.b5 axb5 24.axb5 c5 25.b6 c4 26.Rxc4 Rxc4 27.Rxc4 Rxc4 28.Qxc4 Nxb6 29.Qb5 Qc7
30.Bf3 Kg7 31.Kg2 h5 32.h3 Kh6 33.Nf4 Bxf4 34.gxf4 Kh7 35.Qa5 Kg7 36.Qe5+ Qxe5
37.fxe5 Nd7 38.Bxb7 Kf8 39.Bc6 Nb6 40.Kg3 Ke7 41.d5 f6 42.d6+ Ke6 43.exf6 Kxd6
44.Be8 g5 45.Bxh5 Nd5 46.f7 Ke7 47.Kf3 Kf8 48.Ke2 Nc3+ 49.Ke1 f4 50.exf4 gxf4
51.Bg6 Nd5 52.h4 Nf6 53.Ke2 Ng4 54.Bh5 Nf6 55.Bg6 Ng4 56.Kf1 f3 57.Bh5 Nf6
58.Bg6 Ng4 59.Kg1 Ne5 60.Bh5 Nd3 61.Bg6 Ne5 62.h5 Ng4 63.Kf1 Nh2+ 64.Ke1 Ng4
65.Kd2 Nxf2 66.h6 Ne4+ 67.Kd3 Ng5 68.h7 Nxh7  1/2-1/2

[Event "Aegina op"]
[Site "Aegina"]
[Date "1995.??.??"]
[Round "7"]
[White "Miladinovic, Igor"]
[Black "Papastavropoulos, Andreas"]
[Result "1-0"]
[WhiteElo "2555"]
[BlackElo "2240"]

1.d4 Nf6 2.Bg5 c5 3.dxc5 Qa5+ 4.Nd2 Qxc5 5.Bxf6 gxf6 6.c3 Nc6 7.Ngf3 Ne5
8.g3 h5 9.Bg2 Bh6 10.Nb3 Qc7 11.e3 Nc4 12.Qe2 d6 13.Nbd2 Nxd2 14.Nxd2 Bg7
15.h4 Qb6 16.Nc4 Qc5 17.O-O Bg4 18.Qd3 Bf5 19.e4 Be6 20.Ne3 Bh6 21.Nd5 Rc8
22.Rfe1 Rg8 23.a4 Qc4 24.Qc2 f5 25.Nxe7 Kxe7 26.exf5 Qc5 27.Kh1 Rg4 28.fxe6 f5
29.Bf3 Rd4 30.Rad1 Rxd1 31.Rxd1 Rf8 32.Bxb7 Kxe6 33.Qe2+ Kf6 34.Qxh5 Kg7
35.Qf3 Kh8 36.Re1 f4 37.g4 Qb6 38.g5  1-0

[Event "Agios Nikolaos op"]
[Site "Agios Nikolaos"]
[Date "1995.??.??"]
[Round "2"]
[White "Miles, Anthony J"]
[Black "Agnos, Demetrios"]
[Result "1-0"]
[WhiteElo "2615"]
[BlackElo "2445"]

1.d4 Nf6 2.Bg5 d5 3.e3 Bf5 4.Bxf6 exf6 5.Bd3 Bg6 6.Nf3 Bd6 7.O-O O-O 8.Nh4 c6
9.Nf5 Bxf5 10.Bxf5 g6 11.Bd3 f5 12.Nd2 Nd7 13.c4 dxc4 14.Bxc4 Nf6 15.Qc2 Kg7
16.Rac1 Qe7 17.Bd3 Rfe8 18.Rfe1 Rad8 19.a3 Bb8 20.Nf3 Ne4 21.b4 a6 22.Qb2 Qf6
23.Bxe4 Rxe4 24.g3 h5 25.Kf1 h4 26.Nxh4 Rxh4 27.gxh4 f4 28.exf4 Qxh4 29.Qc3 Bxf4
30.d5+ Kh7 31.Rcd1 cxd5 32.Qf3 Kg7 33.Rd4 g5 34.h3 Kh7 35.Red1  1-0

[Event "Amantea op"]
[Site "Amantea"]
[Date "1995.??.??"]
[Round "3"]
[White "Hodgson, Julian M"]
[Black "Vul, Arkadi Eremeevich"]
[Result "1/2-1/2"]
[WhiteElo "2590"]
[BlackElo "2405"]

1.d4 d5 2.Bg5 Nf6 3.Bxf6 gxf6 4.c4 dxc4 5.Nc3 c6 6.a4 e5 7.Nf3 Bg7 8.e4 Bg4
9.Bxc4 exd4 10.Qxd4 Nd7 11.Qe3 Qb6 12.Qxb6 Nxb6 13.Be2 f5 14.a5 Nd7 15.Nd2 Bxc3
16.bxc3 Bxe2 17.Kxe2 O-O-O 18.Nc4 Nc5 19.e5 Ne4 20.Rhc1 Rhe8 21.f3 Nd6 22.Nxd6+ Rxd6
23.f4 f6 24.a6 b6 25.Rd1 Rxd1 26.Rxd1 fxe5 27.Rd6 exf4+ 28.Kf2 Kc7 29.Rh6 Re7
30.c4 b5 31.c5 b4 32.Rh3 Rd7 33.Ke2 Rg7 34.Kf2 Rd7 35.Ke2 Rg7 36.Kf1 Rd7
37.Rh4 b3 38.Rxf4  1/2-1/2

[Event "Amantea op"]
[Site "Amantea"]
[Date "1995.??.??"]
[Round "4"]
[White "Zlochevskij, Alexander"]
[Black "Quinto, Gianni"]
[Result "1-0"]
[WhiteElo "2465"]
[BlackElo "2250"]

1.d4 Nf6 2.Bg5 d5 3.Bxf6 exf6 4.e3 Bd6 5.c4 dxc4 6.Bxc4 O-O 7.Nc3 c5 8.dxc5 Bxc5
9.Bxf7+ Kxf7 10.Qh5+ Kg8 11.Qxc5 Na6 12.Qc4+ Kh8 13.Nge2 Qb6 14.Qb5 Qxb5
15.Nxb5 Nb4 16.O-O Bd7 17.Nd6 Be6 18.a3 Nc6 19.Rac1 Rab8 20.b4 Ne5 21.Nd4 Bd5
22.Rc5 Bg8 23.Rc7  1-0

[Event "Ankara zt"]
[Site "Ankara"]
[Date "1995.??.??"]
[Round "5"]
[White "Tabatadze, Tamaz"]
[Black "Grivas, Efstratios"]
[Result "1/2-1/2"]
[WhiteElo "2450"]
[BlackElo "2460"]

1.d4 Nf6 2.Bg5 g6 3.Bxf6 exf6 4.g3 d5 5.Bg2 f5 6.e3 c6 7.Nd2 Nd7 8.Ne2 Nf6
9.O-O Bd6 10.c4 Be6 11.Nc3 dxc4 12.Qe2 O-O 13.Nxc4 Bc7 14.b4 Nd5 15.Nxd5 Bxd5
16.Bxd5 Qxd5 17.Rab1 Rfe8 18.Qc2 h5 19.Nd2 h4 20.Qc4 Qd6 21.Rfe1 a6 22.Rb3 Rad8
23.Rd1 Qf6 24.a4 hxg3 25.hxg3 Qg5 26.Nf3 Qg4 27.Kg2 Kg7 28.Rh1 Rh8 29.Rbb1 Qe4
30.Rbc1 Bd6 31.Rxh8 Rxh8 32.b5 Qg4 33.Ng1 axb5 34.axb5 Qe4+ 35.Nf3 Qg4 36.Nd2 f4
37.exf4 Bxf4 38.d5 Qh3+ 39.Kf3 Bxd2 40.Qd4+ f6 41.Qxd2 Qf5+ 42.Kg2 Qh3+ 43.Kf3 Qh5+
44.Kg2 Qh2+ 45.Kf3 Qh5+  1/2-1/2

[Event "Ankara zt"]
[Site "Ankara"]
[Date "1995.??.??"]
[Round "9"]
[White "Minasian, Artashes"]
[Black "Kotronias, Vasilios"]
[Result "1/2-1/2"]
[WhiteElo "2540"]
[BlackElo "2570"]

1.d4 Nf6 2.Bg5 c5 3.Bxf6 gxf6 4.d5 Bg7 5.c3 f5 6.e3 d6 7.Ne2 Nd7 8.Nf4 Nf6
9.Bc4 O-O 10.a4 b6 11.Nd2 a6 12.Qe2 Re8 13.O-O e5 14.Nh5 Nxh5 15.Qxh5 Qf6
16.f4 exf4 17.exf4 Bd7 18.Bd3 b5 19.Rf3 c4 20.Bf1 Qh6 21.Qxh6 Bxh6 22.Kf2 Bg7
23.Ra2 Bf6 24.Re3 Rec8 25.Be2 Bd8 26.Ke1 Kf8 27.Rh3 Kg7 28.Nf1 Bb6 29.Ng3 Bd8
30.Bd1 b4 31.cxb4 Rab8 32.Bc2 Kg6 33.Ne2 Rxb4 34.Raa3 Rxb2 35.Rag3+ Kf6 36.Kd1 Bb6
37.Rxh7 Ke7 38.Nc3 Bd4 39.Kc1 Rb4 40.Rh5 Rc5 41.Kd2 a5 42.h4 Bxc3+ 43.Kxc3 Rxd5
44.Re3+ Kf6 45.g4 Bxa4 46.g5+ Kg7 47.Rh6 Bxc2 48.Kxc2 Rd3  1/2-1/2

[Event "Ano Liosia op"]
[Site "Ano Liosia"]
[Date "1995.??.??"]
[Round "8"]
[White "Miladinovic, Igor"]
[Black "Tzoumbas, Anastasios"]
[Result "1/2-1/2"]
[WhiteElo "2535"]
[BlackElo "2360"]

1.d4 Nf6 2.Bg5 c5 3.dxc5 e6 4.Nd2 Bxc5 5.e3 Be7 6.Ngf3 O-O 7.Bd3 Na6 8.c4 b6
9.O-O Bb7 10.Rc1 Rc8 11.Nd4 d5 12.Be2 Nc5 13.b4 Nce4 14.Nxe4 Nxe4 15.Bxe7 Qxe7
16.f3 Nf6 17.Qa4 dxc4 18.Bxc4 a6 19.b5 axb5 20.Qxb5 Nd5 21.Qb3 Ra8 22.a4 Rfd8
23.Bb5 Qg5  1/2-1/2

[Event "Antwerp op"]
[Site "Antwerp"]
[Date "1995.??.??"]
[Round "2"]
[White "Eliet, Nicolas"]
[Black "Sokolov, Ivan"]
[Result "0-1"]
[WhiteElo "2345"]
[BlackElo "2630"]

1.d4 Nf6 2.Bg5 d5 3.Bxf6 exf6 4.e3 c6 5.Nd2 Be7 6.Ne2 h5 7.c4 dxc4 8.Nxc4 h4
9.Nc3 Nd7 10.e4 O-O 11.Ne3 Nb6 12.g3 f5 13.exf5 Bf6 14.Qh5 Qxd4 15.Be2 Na4
16.Nxa4 Qxa4 17.O-O Bxb2 18.Rad1 b5 19.Ng4 Qa3 20.Bd3 Qc5 21.Qxh4 f6 22.Qh5 Qe7
23.Rb1 Bd4 24.Bc2 c5 25.Rfe1 Qf7 26.Qxf7+ Rxf7 27.Re8+ Rf8 28.Rxf8+ Kxf8
29.Rxb5 Ba6 30.Ra5 Be2 31.Ne3 a6 32.Bb3 Rb8 33.Nc4 Rb4 34.Nd2 c4 35.Nxc4 Bxc4
36.Bxc4 Rxc4 37.Rxa6 Rc2 38.Ra4 Bxf2+ 39.Kg2 Bc5+ 40.Kh1 Rf2  0-1

[Event "Donau op"]
[Site "Aschach"]
[Date "1995.??.??"]
[Round "1"]
[White "Birklbauer, Toni"]
[Black "Mahdi, Khaled"]
[Result "1/2-1/2"]
[WhiteElo "2080"]
[BlackElo "2425"]

1.d4 Nf6 2.Bg5 c5 3.d5 Ne4 4.Bf4 Qb6 5.Bc1 e6 6.f3 Nf6 7.c4 d6 8.e4 Be7 9.Bd3 O-O
10.Ne2 exd5 11.exd5 Nbd7 12.Nbc3 Ne5 13.O-O Re8 14.Kh1 Qd8 15.Ng3 Bf8 16.Bg5 h6
17.Bf4 a6 18.Re1 Bd7 19.a4 Nxd3 20.Qxd3 Qb6 21.b3 Rxe1+ 22.Rxe1 Re8 23.Rxe8 Nxe8
24.Nb1 Qd8 25.Bd2 b6 26.Bc3 b5 27.axb5 axb5 28.cxb5 Qb6 29.Nd2 Bxb5 30.Qf5 Qd8
31.Nde4 Bd7 32.Qf4 Qe7 33.Nf5 Bxf5 34.Qxf5 Qb7 35.h4 Be7 36.h5 Kf8 37.Qh7 f6
38.Qf5 Qxb3 39.Qe6 Qa4 40.Kh2 Qa8 41.Qf5 Nc7 42.Bxf6 Qxd5 43.Bxg7+ Kxg7 44.Qg6+ Kf8
45.Qxh6+ Ke8 46.Qg6+ Kd8 47.h6 Qe5+ 48.Kg1 Qa1+ 49.Kh2 Qe5+ 50.Kg1  1/2-1/2